000 00645cas a2200229 a 4500
008
020 _a8178882590
022 0 _a8178882590 (hbk.)
049 _aMAIN
090 _aSF140
_bPER
100 _aPeriere-raja, Florence.
245 0 0 _aAnimal biotechnology /
_cFlorence Periere-raja.
250 _a1st ed.
260 _aNew Delhi :
_bDominant Publishers and Publishers,
_cc2005.
300 _a272 p. :
_bill. ;
_c23 cm.
650 0 _aAnimal biotechnology.
907 _a.b10205846
_b02-08-11
_c20-06-06
003
005 20230123134222.0
040 _cNUST
942 _cBOOKS
_kSF140
_mPER
999 _c162080
_d162080